Utilizing fatty acids as dietary indicators : lab trials and field applications /

Fatty acids are increasingly used as dietary indicators in marine ecosystems, and their application requires a basic understanding of the timing and scope of dietary modification of consumer tissues. Here, effects of diet upon polyunsaturated fatty acids (PUFAs) of marine microinvertebrates and est...

Full description

Bibliographic Details
Main Author: Turner, Jason Phillip
Format: Thesis Book
Language:English
Published: [Place of publication not identified] : [publisher not identified] ; 2004.
Subjects:
Online Access:http://proxy.library.tamu.edu/login?url=http://proquest.umi.com/pqdweb?did=766020751&sid=1&Fmt=2&clientId=2945&RQT=309&VName=PQD

MARC

Tag First Indicator Second Indicator Subfields
LEADER 00000ctm a2200000Ka 4500
001 in00002010568
005 20190326102240.0
008 041202s2004 xx a b 000 0 eng d
035 |a (OCoLC)ocm57136522 
037 |a 31-31375  |b UMI 
040 |a TXA  |c TXA  |d UtOrBLW 
049 |a TXAM  |a TXAR 
099 |a 2004  |a Dissertation  |a T86 
100 1 |a Turner, Jason Phillip. 
245 1 0 |a Utilizing fatty acids as dietary indicators :  |b lab trials and field applications /  |c by Jason Phillip Turner. 
246 3 |a Lab trials and field applications 
264 1 |a [Place of publication not identified] :  |b [publisher not identified] ;  |c 2004. 
300 |a xvi, 154 leaves :  |b illustrations ;  |c 28 cm. 
336 |a text  |b txt  |2 rdacontent 
337 |a unmediated  |b n  |2 rdamedia 
338 |a volume  |b nc  |2 rdacarrier 
502 |b Ph. D.  |c Texas A&M University  |d 2004 
504 |a Includes bibliographical references (leaves 135-153). 
500 |a Vita. 
500 |a "Major Subject: Wildlife and Fisheries Sciences". 
520 |a Fatty acids are increasingly used as dietary indicators in marine ecosystems, and their application requires a basic understanding of the timing and scope of dietary modification of consumer tissues. Here, effects of diet upon polyunsaturated fatty acids (PUFAs) of marine microinvertebrates and estuarine and marine fishes were investigated. Five experiments were conducted to determine the timing and extent of PUFA transfer in rotifer (Brachionus plicatilis), Artemia (Artemia franciscana), juvenile red drum (Sciaenops ocellatus), and larval and juvenile cobia (Rachycentron canadum). These organisms significantly modified dietary PUFAs within 1-3 days with over 90% incorporation of dietary PUFAs within several days. Results demonstrate that PUFAs are transferred throughout lower levels of marine food chains more quickly and efficiently than once believed and, therefore, may be useful in retrospective examinations of recent trophic relationships in marine ecosystems. In addition, no ontogenetic effect upon PUFAs was detected in the present studies even though teleost larvae typically undergo extensive developmental metamorphosis. To apply these findings, PUFAs were used as dietary indicators to retrospectively assess dietary interactions among Sargassum community flora and fauna in the western Gulf of Mexico. Spatial and temporal variability in PUFA signatures of selected taxa (Sargassum fluitans [autotroph], Leander tenuicornis [primary heterotroph], Balistes capriscus [secondary heterotroph]) was examined to quantify natural variation within these dietary tracers. Although PUFAs varied seasonally for all three taxa, no differences were detected between samples collected in 2000 and 2001 or from different sample locations in the northwest Gulf. High concentrations of PUFAs including 20:5n-3 and 22:6n-3 found in phytoplankton (based on signature of particulate organic matter) more closely match levels in higher trophic groups of the Sargassum community than signatures of other autotrophs (Sargassum fluitans, S. natans, or Cladophora sp.), suggesting that phytoplankton is the major source of organic matter entering this food web. Feeding ecology of the majority of juvenile and adult fishes in the complex are highly similar to available prey taxa and thus utilization of Sargassum mats is in part linked to their value as feeding grounds, although they do not appear to directly contribute organic matter to the system. 
530 |a Issued also on microfiche from University Microfilm Inc. 
650 4 |a Major wildlife and fisheries sciences. 
856 4 1 |u http://proxy.library.tamu.edu/login?url=http://proquest.umi.com/pqdweb?did=766020751&sid=1&Fmt=2&clientId=2945&RQT=309&VName=PQD  |t 0 
948 |a cataloged  |b h  |c 2004/12/2  |d c  |e eneff  |f 1:57:05 pm 
994 |a E0  |b TXA 
999 |a MARS 
999 f f |s 99fbee76-3aae-36fc-81be-9a51a80353d4  |i 839f4425-02a1-3942-9d35-3df9dfcb3ced  |t 0 
952 f f |p noncirc  |a Texas A&M University  |b College Station  |c Cushing Memorial Library & Archives  |s cush tdrm  |d Cushing: Theses & Dissertations Microforms (Does not check out)  |t 0  |e 2004 Dissertation T86  |h Other scheme  |i unmediated -- volume 
952 f f |a Texas A&M University  |b College Station  |c Electronic Resources  |s www_evans  |d Available Online  |t 0  |e 2004 Dissertation T86  |h Other scheme 
998 f f |a 2004 Dissertation T86  |t 0  |l Cushing: Theses & Dissertations Microforms (Does not check out) 
998 f f |a 2004 Dissertation T86  |t 0  |l Available Online